000 00975nam0a22002771 4500
001 rc\2189234
005 20110829163922.8
035 _a(NLR Aleph) 006483966
090 _a6062796
_c6062796
100 _a20110829d1979 |||y0rusy50 ca
101 0 _arus
102 _aRU
105 _ay z |||||
200 1 _aМатериалы к контрольным работам по истории КПСС
_f[Бобков И.С., Нефедов Н.Г., Панков Б.В. и др.]
_gПод ред. К.М. Темирбаева
210 _aМосква
_cВысш. школа
_d1979
215 _a271 с.
_d20
320 _aБиблиогр. в тексте
701 1 _aНефедов
_bН. Г.
701 1 _aПанков
_bБ. В.
701 1 _aБоков
_bИ. С.
702 1 _aТемирбаев
_bК. М.
_gКонстантин Михайлович
_4340
801 0 _aRU
_bNLR
_gpsbo
801 1 _aRU
_bELAR
_2rusmarc
852 _aNLR
_j79-3/6042
942 _cBOOK
980 _aNB